LIBRARY & INFORMATION CENTRE, KCAET, TAVANUR

ONLINE PUBLIC ACCESS CATALOGUE (OPAC)

Premavum vivahavum / (Record no. 4409)

MARC details
000 -LEADER
fixed length control field 00387cam a2200169ua 4500
041 ## - LANGUAGE CODE
Language code of text/sound track or separate title mal
082 ## - DEWEY DECIMAL CLASSIFICATION NUMBER
Classification number 301
Item number PAV/PR
100 ## - MAIN ENTRY--AUTHOR NAME
Personal name Pavanan, .
245 ## - TITLE STATEMENT
Title Premavum vivahavum /
260 ## - PUBLICATION, DISTRIBUTION, ETC. (IMPRINT)
Place of publication Thrissur :
Name of publisher Current Books ,
Year of publication 1965.
300 ## - PHYSICAL DESCRIPTION
Number of Pages 110 ; .
942 ## - ADDED ENTRY ELEMENTS (KOHA)
Koha item type Books
Holdings
Withdrawn status Lost status Damaged status Home library Current library Date acquired Full call number Accession Number Koha item type
Withdrawn     KAUAET Malayalam University 07/04/2012 301 9442 Books
free website counter